[Event "RUS-chT Seniors final"]
[Site "Sochi"]
[Date "2019.05.08"]
[Round "7.4"]
[White "Kolbanov, Veniamin M"]
[Black "Zlachevskiy, Leonid"]
[Result "1-0"]
[WhiteElo "2198"]
[BlackElo "2008"]
[PlyCount "141"]
[EventDate "2019.05.01"]
[EventType "team-tourn"]
[EventRounds "9"]
[EventCountry "RUS"]
[SourceTitle "CBM 190 Extra"]
[Source "ChessBase"]
[SourceDate "2019.07.15"]
[SourceVersion "1"]
[SourceVersionDate "2019.07.15"]
[SourceQuality "1"]
[WhiteTeam "Moscow Legacy Square"]
[BlackTeam "Tatarstan Ladya"]
[WhiteTeamCountry "RUS"]
[BlackTeamCountry "RUS"]

1. c4 e5 2. Nc3 Nf6 3. g3 Bb4 4. Bg2 0-0 5. Na4 Nc6 6. a3 Be7 7. Nc3 Rb8 8. Nf3 a6 9. d4 d6 10. d5 Na5 11. Nd2 b6 12. b4 Nb7 13. 0-0 Bd7 14. Bb2 Qc8 15. Re1 Ng4 16. h3 Nh6 17. Kh2 f5 18. f4 Bf6 19. e3 Nd8 20. Qb3 Ndf7 21. Rac1 Qe8 22. Ne2 Qe7 23. Qa2 Rfe8 24. Ba1 g5 25. a4 a5 26. bxa5 bxa5 27. c5 Bc8 28. Nc4 g4 29. Nxa5 Ra8 30. Nc6 Qf8 31. h4 Qg7 32. Nc3 Ba6 33. Bf1 Bxh4 34. Bxa6 Rxa6 35. Nb5 Rea8 36. a5 Bd8 37. Nxd8 Rxa5 38. Qe2 Ra2 39. Bb2 Rxd8 40. Nxc7 Rb8 41. Rc2 Qg6 42. Kg2 dxc5 43. Bxe5 Rxc2 44. Qxc2 Nxe5 45. fxe5 Qb6 46. d6 Qc6+ 47. Kg1 Qf3 48. Qc4+ Nf7 49. Qf4 Rb2 50. Qxf3 gxf3 51. Rd1 Nxe5 52. d7 Nxd7 53. Rxd7 c4 54. Nd5 Kf8 55. Rc7 Rg2+ 56. Kf1 Rxg3 57. Kf2 Rh3 58. Nf4 Rh2+ 59. Kxf3 Rc2 60. Nd5 h5 61. Nf4 Rc1 62. Nxh5 c3 63. Nf4 c2 64. Ke2 Ra1 65. Rxc2 Kf7 66. Rc6 Ke7 67. Ng6+ Kf7 68. Ne5+ Ke7 69. Rh6 Rb1 70. Nc6+ Kf7 71. Nd4 1-0

[Event "RUS-chT Seniors final"]
[Site "Sochi"]
[Date "2019.05.07"]
[Round "6.4"]
[White "Mednikov, Gennadiy"]
[Black "Zlachevskiy, Leonid"]
[Result "1-0"]
[WhiteElo "2070"]
[BlackElo "2008"]
[PlyCount "97"]
[EventDate "2019.05.01"]
[EventType "team-tourn"]
[EventRounds "9"]
[EventCountry "RUS"]
[SourceTitle "CBM 190 Extra"]
[Source "ChessBase"]
[SourceDate "2019.07.15"]
[SourceVersion "1"]
[SourceVersionDate "2019.07.15"]
[SourceQuality "1"]
[WhiteTeam "Sochi Pearl"]
[BlackTeam "Tatarstan Ladya"]
[WhiteTeamCountry "RUS"]
[BlackTeamCountry "RUS"]

1. d4 d5 2. Bf4 Nf6 3. e3 c5 4. c3 Qb6 5. Qb3 Qa5 6. Nf3 a6 7. Nbd2 e6 8. Be2 Be7 9. Ne5 0-0 10. 0-0 Nc6 11. Ndf3 Nh5 12. Nxc6 bxc6 13. Bg5 Bxg5 14. Nxg5 Nf6 15. f4 Bd7 16. Qc2 Rac8 17. b4 cxb4 18. cxb4 Qxb4 19. Bxa6 Ra8 20. Bd3 h6 21. Nf3 Ra3 22. Ne5 Rc8 23. f5 Qe7 24. Qf2 c5 25. dxc5 Rxc5 26. Nxd7 Nxd7 27. fxe6 fxe6 28. Bg6 Nf6 29. Qb2 Rc8 30. Rfc1 Raa8 31. Rxc8+ Rxc8 32. a4 Ng4 33. Rf1 Qg5 34. Bf7+ Kh8 35. Qe2 Nxe3 36. Bxe6 Rd8 37. Rf3 d4 38. Bc4 Rc8 39. h4 Qxh4 40. Rh3 Qg5 41. Bd3 Rc1+ 42. Kh2 Ng4+ 43. Kg3 Ne5+ 44. Kh2 Qf4+ 45. g3 Ng4+ 46. Kg2 Ne3+ 47. Kh2 Qe5 48. Qf3 Qd6 49. Qa8+ 1-0

[Event "RUS-chT Seniors final"]
[Site "Sochi"]
[Date "2019.05.02"]
[Round "2.4"]
[White "Kalegin, Evgenij"]
[Black "Zlachevskiy, Leonid"]
[Result "1-0"]
[WhiteElo "2418"]
[BlackElo "2008"]
[PlyCount "120"]
[EventDate "2019.05.01"]
[EventType "team-tourn"]
[EventRounds "9"]
[EventCountry "RUS"]
[SourceTitle "CBM 190 Extra"]
[Source "ChessBase"]
[SourceDate "2019.07.15"]
[SourceVersion "1"]
[SourceVersionDate "2019.07.15"]
[SourceQuality "1"]
[WhiteTeam "Cheliabinsk Yuzhnyy Ural"]
[BlackTeam "Tatarstan Ladya"]
[WhiteTeamCountry "RUS"]
[BlackTeamCountry "RUS"]

1. e4 e5 2. Nf3 d6 3. d4 Nf6 4. dxe5 Nxe4 5. Nbd2 Nc5 6. Nb3 Ne6 7. Bd3 Nc6 8. Qe2 dxe5 9. Nxe5 Nxe5 10. Qxe5 Bd6 11. Qe4 Qf6 12. 0-0 Qe5 13. Qxe5 Bxe5 14. f4 Bf6 15. f5 Nd4 16. c3 Nxb3 17. Re1+ Kd8 18. axb3 Bd7 19. Bf4 Re8 20. Be4 c6 21. Rad1 Rc8 22. b4 a6 23. g3 Be5 24. Bxc6 Rxc6 25. Rxe5 Rxe5 26. Bxe5 f6 27. Bd4 Rd6 28. g4 g6 29. fxg6 hxg6 30. h3 Ke8 31. Kf2 Re6 32. Kg3 Bb5 33. h4 Kf7 34. h5 Be2 35. Rh1 gxh5 36. gxh5 Kg8 37. Kf4 Bd3 38. Rd1 Bc2 39. Rd2 Bb1 40. Be3 Re4+ 41. Kf3 Rh4 42. Rd8+ Kf7 43. Kg3 Re4 44. Bc5 b5 45. Rd7+ Ke6 46. Rd6+ Kf5 47. Bd4 Kg5 48. Rxa6 f5 49. h6 f4+ 50. Kf2 Re8 51. Ra1 Bh7 52. Rg1+ Kxh6 53. Bg7+ Kh5 54. Kf3 Re3+ 55. Kxf4 Re2 56. Rg5+ Kh4 57. Bf6 Re6 58. Rf5+ Kh3 59. Rh5+ Kg2 60. Rxh7 Rxf6+ 1-0

[Event "Sochi ChessAmateur op10"]
[Site "Sochi"]
[Date "2018.10.14"]
[Round "4"]
[White "Galunova, Tsveta"]
[Black "Zlachevskiy, Leonid"]
[Result "1-0"]
[WhiteElo "2213"]
[BlackElo "1991"]
[PlyCount "55"]
[EventDate "2018.10.12"]
[EventType "swiss"]
[EventRounds "9"]
[EventCountry "RUS"]
[SourceTitle "CBM 187 Extra"]
[Source "ChessBase"]
[SourceDate "2018.11.04"]
[SourceVersion "1"]
[SourceVersionDate "2018.11.04"]
[SourceQuality "1"]

1. d4 Nf6 2. c4 g6 3. Nf3 Bg7 4. e3 b6 5. Be2 Bb7 6. d5 d6 7. Nc3 Nbd7 8. Nd4 h5 9. Qc2 Nb8 10. f4 c5 11. Nf3 Na6 12. e4 Ng4 13. 0-0 Qd7 14. h3 0-0-0 15. Qb3 f5 16. e5 Qe8 17. Nb5 Kb8 18. hxg4 hxg4 19. Ng5 Rh5 20. Ne6 Qh8 21. Nxd8 Qxd8 22. Qg3 Nb4 23. Bd2 a6 24. Nd4 dxe5 25. Ne6 Qh8 26. Nxg7 Qxg7 27. Bxb4 cxb4 28. fxe5 1-0

[Event "RUS-chT Seniors"]
[Site "Sochi"]
[Date "2018.05.08"]
[Round "8.1"]
[White "Zhelnin, Vladimir V"]
[Black "Zlachevskiy, Leonid"]
[Result "1-0"]
[WhiteElo "2452"]
[BlackElo "1991"]
[PlyCount "59"]
[EventDate "2018.05.01"]
[EventType "team-tourn"]
[EventRounds "10"]
[EventCountry "RUS"]
[SourceTitle "EXT 2019"]
[Source "ChessBase"]
[SourceDate "2018.10.10"]
[SourceVersion "1"]
[SourceVersionDate "2018.10.10"]
[SourceQuality "1"]
[WhiteTeam "Moscow ShSM"]
[BlackTeam "Tatarstan Castle"]
[WhiteTeamCountry "RUS"]
[BlackTeamCountry "RUS"]

1. e4 c5 2. Nf3 e6 3. Nc3 a6 4. d4 cxd4 5. Nxd4 Nc6 6. Be2 Qc7 7. Be3 Nf6 8. a3 d6 9. 0-0 Be7 10. f4 Bd7 11. Nb3 0-0 12. Qd2 b5 13. Bf3 Rab8 14. g4 Rfd8 15. g5 Ne8 16. Bg2 Bf8 17. h4 Bc8 18. h5 b4 19. axb4 Nxb4 20. Ra4 Bd7 21. Raa1 d5 22. exd5 Bc6 23. f5 Nxd5 24. fxe6 fxe6 25. Rxa6 Nxe3 26. Qxe3 Bd7 27. Rxe6 Nf6 28. gxf6 Rxb3 29. Bd5 Rxc3 30. Rc6+ 1-0

[Event "RUS-chT Seniors"]
[Site "Sochi"]
[Date "2018.05.06"]
[Round "6.1"]
[White "Sveshnikov, Evgeny"]
[Black "Zlachevskiy, Leonid"]
[Result "1-0"]
[WhiteElo "2463"]
[BlackElo "1991"]
[PlyCount "73"]
[EventDate "2018.05.01"]
[EventType "team-tourn"]
[EventRounds "10"]
[EventCountry "RUS"]
[SourceTitle "EXT 2019"]
[Source "ChessBase"]
[SourceDate "2018.10.10"]
[SourceVersion "1"]
[SourceVersionDate "2018.10.10"]
[SourceQuality "1"]
[WhiteTeam "Sima Lend"]
[BlackTeam "Tatarstan Castle"]
[WhiteTeamCountry "RUS"]
[BlackTeamCountry "RUS"]

1. e4 e5 2. Nf3 d6 3. d4 Nf6 4. dxe5 Nxe4 5. Qd5 Nc5 6. Bg5 Qd7 7. exd6 Bxd6 8. Nc3 0-0 9. 0-0-0 a6 10. Ne5 Qf5 11. Nc4 Bf4+ 12. Bxf4 Qxf4+ 13. Rd2 Ncd7 14. g3 Qh6 15. Bg2 Nc6 16. h4 Nb6 17. Nxb6 Be6 18. Qg5 cxb6 19. Qxh6 gxh6 20. Nd5 Bxd5 21. Bxd5 Rac8 22. Re1 Rc7 23. Bxc6 bxc6 24. Rd6 Kg7 25. Re4 f5 26. Ree6 f4 27. Rxc6 Rxc6 28. Rxc6 f3 29. b4 b5 30. Rxa6 Re8 31. Ra3 Rf8 32. Re3 Kg6 33. Re5 h5 34. Rg5+ Kh6 35. Rxb5 Kg6 36. Rg5+ Kh6 37. Re5 1-0

[Event "Sochi ChessAmateur op"]
[Site "Sochi"]
[Date "2018.04.04"]
[Round "5"]
[White "Yezhel, Valiantsin"]
[Black "Zlachevskiy, Leonid"]
[Result "1-0"]
[WhiteElo "2216"]
[BlackElo "2004"]
[PlyCount "39"]
[EventDate "2018.04.01"]
[EventType "swiss"]
[EventRounds "9"]
[EventCountry "RUS"]
[SourceTitle "CBM 184 Extra"]
[Source "ChessBase"]
[SourceDate "2018.06.28"]
[SourceVersion "1"]
[SourceVersionDate "2018.06.28"]
[SourceQuality "1"]

1. d4 Nf6 2. Bf4 d5 3. e3 c5 4. c3 Qb6 5. Qb3 Qxb3 6. axb3 Nc6 7. Nf3 e6 8. h3 Be7 9. Nbd2 0-0 10. Bd3 Bd7 11. 0-0 Rfc8 12. Ra2 Ne8 13. Rfa1 cxd4 14. exd4 Bd6 15. Bxd6 Nxd6 16. b4 f6 17. Nb3 b6 18. b5 Nd8 19. Rxa7 Rxa7 20. Rxa7 1-0

[Event "Nezhmetdinov Memorial 39th"]
[Site "Kazan"]
[Date "2017.06.04"]
[Round "5"]
[White "Karamov, Stepan"]
[Black "Zlachevskiy, Leonid"]
[Result "1/2-1/2"]
[WhiteElo "1760"]
[BlackElo "2046"]
[PlyCount "155"]
[EventDate "2017.05.31"]
[EventType "swiss"]
[EventRounds "9"]
[EventCountry "RUS"]
[SourceTitle "EXT 2018"]
[Source "ChessBase"]
[SourceDate "2017.10.13"]
[SourceVersion "1"]
[SourceVersionDate "2017.10.13"]
[SourceQuality "1"]

1. d4 Nf6 2. c4 g6 3. Nc3 d5 4. Nf3 Bg7 5. Bg5 Ne4 6. cxd5 Nxg5 7. Nxg5 e6 8. Nf3 exd5 9. e3 c6 10. Be2 Nd7 11. 0-0 0-0 12. Rc1 a5 13. Na4 Re8 14. Qc2 Bf8 15. Bd3 Bd6 16. Rfe1 f5 17. Nd2 Nf6 18. f3 Bf8 19. a3 Bh6 20. f4 Ne4 21. Nf3 Bf8 22. Qb3 b5 23. Nc3 a4 24. Qc2 Nd6 25. Ne5 Bd7 26. h3 Nc4 27. Bxc4 dxc4 28. Rcd1 Bg7 29. d5 c5 30. Nxd7 Qxd7 31. e4 b4 32. Nb1 Bd4+ 33. Kh1 bxa3 34. Nxa3 fxe4 35. Qxc4 Bxb2 36. d6+ Kg7 37. Nb5 Qf7 38. Qxc5 Qxf4 39. Nc7 Be5 40. Qg1 Bxd6 41. Nxa8 Rxa8 42. g3 Qf3+ 43. Qg2 Bxg3 44. Rd7+ Kh6 45. Rxe4 Qc3 46. Qd2+ Qxd2 47. Rxd2 a3 48. Ra2 Bd6 49. Re3 Kh5 50. Rd3 Bb4 51. Rb3 Bf8 52. Kg2 g5 53. Rb7 h6 54. Rf7 Bd6 55. Rf3 Bc5 56. Rc3 Ra5 57. Rxc5 Rxc5 58. Rxa3 Rc6 59. Kg3 Rc1 60. Rb3 Rg1+ 61. Kh2 Rf1 62. Kg2 Rf4 63. Kg3 Re4 64. Rc3 Kg6 65. Rc6+ Kg7 66. Rc7+ Kf6 67. Rc6+ Kg7 68. Rc7+ Kg6 69. Rc6+ Kh5 70. Rc3 Re6 71. Rb3 Kg6 72. h4 Kh5 73. hxg5 hxg5 74. Rc3 Re5 75. Rc8 Rf5 76. Rc3 g4 77. Rb3 Kg5 78. Rc3 1/2-1/2

[Event "Nezhmetdinov Memorial 39th"]
[Site "Kazan"]
[Date "2017.05.31"]
[Round "1"]
[White "Frolyanov, Dmitry"]
[Black "Zlachevskiy, Leonid"]
[Result "1-0"]
[WhiteElo "2534"]
[BlackElo "2046"]
[PlyCount "53"]
[EventDate "2017.05.31"]
[EventType "swiss"]
[EventRounds "9"]
[EventCountry "RUS"]
[SourceTitle "CBM 178 Extra"]
[Source "ChessBase"]
[SourceDate "2017.06.22"]
[SourceVersion "1"]
[SourceVersionDate "2017.06.22"]
[SourceQuality "1"]

1. e4 e5 2. Nf3 d6 3. d4 Nf6 4. Nc3 Nbd7 5. Bc4 Be7 6. 0-0 0-0 7. a4 c6 8. Re1 Rb8 9. h3 b6 10. Be3 a6 11. Ba2 b5 12. axb5 axb5 13. b4 Bb7 14. Rb1 Ba8 15. Qd3 h6 16. Red1 Re8 17. Qe2 exd4 18. Nxd4 Bf8 19. Nf5 Qc7 20. Qf3 Ne5 21. Nxh6+ gxh6 22. Qxf6 Nc4 23. Bxc4 bxc4 24. Bd4 Re5 25. Bxe5 dxe5 26. Qf5 Bb7 27. Rd7 1-0

[Event "RUS-chT Seniors"]
[Site "Sochi"]
[Date "2017.05.10"]
[Round "10.1"]
[White "Chudinovskikh, Alexander M"]
[Black "Zlachevskiy, Leonid"]
[Result "1-0"]
[WhiteElo "2231"]
[BlackElo "2046"]
[PlyCount "91"]
[EventDate "2017.05.01"]
[EventType "team-tourn"]
[EventRounds "10"]
[EventCountry "RUS"]
[SourceTitle "CBM 178 Extra"]
[Source "ChessBase"]
[SourceDate "2017.06.22"]
[SourceVersion "1"]
[SourceVersionDate "2017.06.22"]
[SourceQuality "1"]

1. e4 e5 2. Nf3 d6 3. d4 Nf6 4. Nc3 Nbd7 5. Bc4 Be7 6. 0-0 0-0 7. Re1 c6 8. a4 Rb8 9. h3 b6 10. Bg5 a6 11. Ba2 b5 12. axb5 axb5 13. b4 Bb7 14. Qd3 h6 15. Bd2 Re8 16. Ne2 Bf8 17. Ng3 c5 18. bxc5 dxc5 19. dxe5 Nxe5 20. Nxe5 Rxe5 21. Bf4 Re8 22. Bxb8 Qxd3 23. cxd3 Rxb8 24. Bb3 Rd8 25. Ra7 Rxd3 26. Bxf7+ Kxf7 27. Rxb7+ Ke6 28. Rxb5 Nd7 29. Rc1 Kd6 30. Rbb1 Kc6 31. Ne2 g5 32. Rd1 Ra3 33. Rbc1 Bg7 34. Nd4+ Bxd4 35. Rxd4 Nf8 36. e5 Ra8 37. Rd6+ Kb5 38. Rb1+ Kc4 39. Rxh6 Re8 40. Rh8 Kd3 41. e6 c4 42. e7 Rxe7 43. Rxf8 c3 44. Rd8+ Kc2 45. Rb5 Kc1 46. Rxg5 1-0

[Event "RUS-chT Seniors"]
[Site "Sochi"]
[Date "2017.05.03"]
[Round "3.2"]
[White "Zlachevskiy, Leonid"]
[Black "Dragomarezkij, Evgeni"]
[Result "0-1"]
[WhiteElo "2046"]
[BlackElo "2350"]
[PlyCount "76"]
[EventDate "2017.05.01"]
[EventType "team-tourn"]
[EventRounds "10"]
[EventCountry "RUS"]
[SourceTitle "CBM 178 Extra"]
[Source "ChessBase"]
[SourceDate "2017.06.22"]
[SourceVersion "1"]
[SourceVersionDate "2017.06.22"]
[SourceQuality "1"]

1. d4 Nf6 2. Bg5 e6 3. Nf3 c5 4. Bxf6 Qxf6 5. e3 Nc6 6. Be2 d5 7. 0-0 Bd6 8. c3 0-0 9. Nbd2 Rd8 10. Re1 a6 11. Qc2 Bd7 12. dxc5 Bxc5 13. e4 Rac8 14. exd5 exd5 15. Rad1 Bf5 16. Qa4 d4 17. Nb3 Bc2 18. Rd2 Bxb3 19. Qxb3 dxc3 20. Rxd8+ Rxd8 21. bxc3 Rd7 22. Qc4 Bb6 23. Bf1 g6 24. Qg4 Rd2 25. Be2 Rxa2 26. h4 Ne5 27. Qe4 Nxf3+ 28. gxf3 Bc5 29. Rf1 Kg7 30. Qc4 Rc2 31. Qxc5 Rxe2 32. Kg2 Rc2 33. c4 b5 34. Rd1 Rxc4 35. Qa7 Rxh4 36. Qe3 Qf5 37. Qc3+ Kh6 38. Qe3+ Qg5+ 0-1

[Event "RUS-chT Seniors"]
[Site "Sochi"]
[Date "2017.05.01"]
[Round "1.2"]
[White "Mednikov, Gennadiy"]
[Black "Zlachevskiy, Leonid"]
[Result "1/2-1/2"]
[WhiteElo "2176"]
[BlackElo "2046"]
[PlyCount "88"]
[EventDate "2017.05.01"]
[EventType "team-tourn"]
[EventRounds "10"]
[EventCountry "RUS"]
[SourceTitle "CBM 178 Extra"]
[Source "ChessBase"]
[SourceDate "2017.06.22"]
[SourceVersion "1"]
[SourceVersionDate "2017.06.22"]
[SourceQuality "1"]

1. d4 d5 2. Bf4 c5 3. e3 Nc6 4. Nf3 Bg4 5. Be2 Qb6 6. Nc3 e6 7. Na4 Qa5+ 8. c3 cxd4 9. exd4 Nf6 10. 0-0 Be7 11. b4 Qd8 12. Nc5 Qc8 13. Ne5 Bxe2 14. Qxe2 0-0 15. Bg5 b6 16. Qb5 Nxe5 17. dxe5 bxc5 18. exf6 gxf6 19. Bh6 Rd8 20. Qe2 Kh8 21. Qh5 Rd7 22. f4 Qg8 23. Rf3 Qg6 24. Qh3 Rg8 25. Rg3 Qe4 26. Rxg8+ Kxg8 27. Rf1 Kh8 28. f5 Rd8 29. Qh5 Rg8 30. g3 exf5 31. Rf4 Qe6 32. Rh4 Rg4 33. Rh3 Kg8 34. Bd2 Rg7 35. Bh6 Qe1+ 36. Kg2 Qe4+ 37. Kf1 Qb1+ 38. Kg2 Qxa2+ 39. Kf3 Qc2 40. Bxg7 Qxc3+ 41. Ke2 Qc2+ 42. Kf1 Qc4+ 43. Kg2 Qc2+ 44. Kf1 Qc4+ 1/2-1/2

[Event "Nezhmetdinov Memorial 36th"]
[Site "Kazan"]
[Date "2014.06.08"]
[Round "9"]
[White "Kozina, Anastasia"]
[Black "Zlachevskiy, Leonid"]
[Result "1-0"]
[WhiteElo "1886"]
[BlackElo "2093"]
[PlyCount "63"]
[EventDate "2014.05.31"]
[EventType "swiss"]
[EventRounds "9"]
[EventCountry "RUS"]
[SourceTitle "CBM 160 Extra"]
[Source "ChessBase"]
[SourceDate "2014.07.01"]
[SourceVersion "1"]
[SourceVersionDate "2014.07.01"]
[SourceQuality "1"]

1. e4 e5 2. Nf3 d6 3. d4 Qe7 4. Nc3 Nf6 5. dxe5 dxe5 6. h3 c6 7. a4 a5 8. Bc4 h6 9. 0-0 Qc7 10. Nh4 g5 11. Qf3 Ng8 12. Nf5 Na6 13. Rd1 Nc5 14. Be3 Be6 15. Bxc5 Bxc5 16. Ng7+ Ke7 17. Nxe6 fxe6 18. Rd2 Nf6 19. Rad1 Rad8 20. Qg3 Rxd2 21. Rxd2 Rg8 22. Nd1 Nxe4 23. Qg4 Nxd2 24. Qxe6+ Kd8 25. Qxg8+ Kd7 26. Be6+ Ke7 27. Bf5 Qd6 28. Bg4 Kf6 29. Qh7 Qf8 30. Qf5+ Kg7 31. Qd7+ Qe7 32. Qxd2 1-0

[Event "Nezhmetdinov Memorial 36th"]
[Site "Kazan"]
[Date "2014.06.06"]
[Round "7"]
[White "Kavyev, Emil"]
[Black "Zlachevskiy, Leonid"]
[Result "1/2-1/2"]
[WhiteElo "1771"]
[BlackElo "2093"]
[PlyCount "49"]
[EventDate "2014.05.31"]
[EventType "swiss"]
[EventRounds "9"]
[EventCountry "RUS"]
[SourceTitle "CBM 160 Extra"]
[Source "ChessBase"]
[SourceDate "2014.07.01"]
[SourceVersion "1"]
[SourceVersionDate "2014.07.01"]
[SourceQuality "1"]

1. e4 e5 2. Nf3 d6 3. d4 Nf6 4. dxe5 Nxe4 5. Qd5 Nc5 6. Bg5 c6 7. Qxf7+ Kxf7 8. Bxd8 Bg4 9. Nbd2 Nbd7 10. Bc7 Re8 11. 0-0-0 d5 12. Be2 Bxf3 13. Nxf3 Ne6 14. Bd6 Bxd6 15. exd6 Nf4 16. Bf1 Kf6 17. g3 Ng6 18. Bh3 Nc5 19. Nd2 Rd8 20. Rhe1 Ne5 21. f4 Ned3+ 22. cxd3 Nxd3+ 23. Kc2 Nxe1+ 24. Rxe1 Rxd6 25. Nf3 1/2-1/2

[Event "Nezhmetdinov Memorial 36th"]
[Site "Kazan"]
[Date "2014.06.01"]
[Round "2"]
[White "Zlachevskiy, Leonid"]
[Black "Faizrakhmanov, Ildar"]
[Result "1-0"]
[WhiteElo "2093"]
[BlackElo "1721"]
[PlyCount "77"]
[EventDate "2014.05.31"]
[EventType "swiss"]
[EventRounds "9"]
[EventCountry "RUS"]
[SourceTitle "CBM 160 Extra"]
[Source "ChessBase"]
[SourceDate "2014.07.01"]
[SourceVersion "1"]
[SourceVersionDate "2014.07.01"]
[SourceQuality "1"]

1. e4 c5 2. Nc3 d6 3. Nge2 a6 4. d4 cxd4 5. Nxd4 Nf6 6. Bc4 e6 7. Bb3 Qc7 8. 0-0 Be7 9. f4 Nc6 10. Be3 b5 11. Qf3 Bb7 12. Rae1 0-0 13. Kh1 b4 14. Nb1 Nxd4 15. Bxd4 e5 16. Bf2 exf4 17. Qxf4 Bxe4 18. Rxe4 Nxe4 19. Qxe4 Bf6 20. c3 bxc3 21. Nxc3 Rae8 22. Qd3 Bxc3 23. bxc3 a5 24. Bg3 Rd8 25. Rd1 Rfe8 26. h3 Qc6 27. Bd5 Qa4 28. Qf3 Rc8 29. Bb3 Qd7 30. Rxd6 Qe7 31. Rd4 Rcd8 32. Bh4 g5 33. Bxg5 Qxg5 34. Rg4 Qxg4 35. Qxf7+ Kh8 36. hxg4 Rf8 37. Qh5 Kg7 38. Qg5+ Kh8 39. Qe5+ 1-0

[Event "RUS Cup op"]
[Site "Dombai"]
[Date "2013.10.23"]
[Round "6"]
[White "Zlachevskiy, Leonid"]
[Black "Pedashenko, Anatoly"]
[Result "1-0"]
[WhiteElo "2109"]
[BlackElo "2065"]
[PlyCount "62"]
[EventDate "2013.10.18"]
[EventType "swiss"]
[EventRounds "9"]
[EventCountry "RUS"]
[SourceTitle "EXT 2015"]
[Source "ChessBase"]
[SourceDate "2014.11.20"]
[SourceVersion "1"]
[SourceVersionDate "2014.11.20"]
[SourceQuality "1"]

1. e4 c5 2. Nc3 g6 3. Nge2 Bg7 4. d4 cxd4 5. Nxd4 d6 6. Be3 Nf6 7. f3 Nc6 8. Qd2 0-0 9. Bc4 a6 10. 0-0-0 Ne5 11. Bb3 b5 12. Bg5 Bd7 13. h4 h5 14. g4 hxg4 15. h5 Nxh5 16. fxg4 Bxg4 17. Rdg1 Qd7 18. Nd5 Rae8 19. Bh6 e6 20. Bxg7 Kxg7 21. Ne3 f5 22. Bxe6 Rxe6 23. exf5 Ref6 24. Nxg4 Nxg4 25. Rxg4 Rh8 26. Rhg1 Kf7 27. Rxg6 Rxg6 28. fxg6+ Kg7 29. Qg5 Kg8 30. Qd5+ Kg7 31. Nf5+ Kf6 1-0

[Event "RUS Cup op"]
[Site "Dombai"]
[Date "2013.10.21"]
[Round "4"]
[White "Zlachevskiy, Leonid"]
[Black "Kruchev, Boris"]
[Result "0-1"]
[WhiteElo "2109"]
[BlackElo "2280"]
[PlyCount "48"]
[EventDate "2013.10.18"]
[EventType "swiss"]
[EventRounds "9"]
[EventCountry "RUS"]
[SourceTitle "EXT 2015"]
[Source "ChessBase"]
[SourceDate "2014.11.20"]
[SourceVersion "1"]
[SourceVersionDate "2014.11.20"]
[SourceQuality "1"]

1. e4 c5 2. Ne2 Nc6 3. d4 cxd4 4. Nxd4 Nf6 5. Nc3 g6 6. Be3 Bg7 7. Bc4 0-0 8. f3 Qb6 9. Bb3 Nxe4 10. Nd5 Qa5+ 11. c3 Bxd4 12. Bxd4 Nc5 13. h4 Nxb3 14. Nxe7+ Nxe7 15. axb3 Qc7 16. Qd2 Qg3+ 17. Kf1 Nf5 18. Bf2 Qc7 19. Rh3 d5 20. g4 Ng7 21. h5 gxh5 22. Qh6 Qc6 23. Rxh5 Nxh5 24. Qxh5 Qg6 0-1

[Event "Nezhmetdinov Memorial 35th"]
[Site "Kazan"]
[Date "2013.06.02"]
[Round "3"]
[White "Ayupov, Damir"]
[Black "Zlachevskiy, Leonid"]
[Result "1-0"]
[WhiteElo "2334"]
[BlackElo "2125"]
[PlyCount "89"]
[EventDate "2013.05.31"]
[EventType "swiss"]
[EventRounds "9"]
[EventCountry "RUS"]
[SourceTitle "CBM 154 Extra"]
[Source "ChessBase"]
[SourceDate "2013.06.25"]
[SourceVersion "2"]
[SourceVersionDate "2013.06.25"]
[SourceQuality "1"]

1. d4 Nf6 2. c4 e6 3. Nf3 Bb4+ 4. Nbd2 b6 5. a3 Bxd2+ 6. Bxd2 Bb7 7. Bg5 d6 8. e3 Nbd7 9. Bd3 0-0 10. Qc2 Qe8 11. e4 e5 12. d5 a5 13. 0-0-0 Qb8 14. Nh4 Re8 15. g3 c6 16. Kb1 a4 17. Qd2 cxd5 18. cxd5 Ba6 19. Bxa6 Rxa6 20. Bxf6 Nxf6 21. Rc1 Ra5 22. Qb4 Nd7 23. Rc6 Rc5 24. Qxa4 Rxc6 25. dxc6 Nc5 26. Qc4 b5 27. Qd5 b4 28. c7 Qxc7 29. axb4 Ne6 30. Rc1 Qa7 31. Nf5 Ra8 32. Ne7+ Kf8 33. Rc8+ Kxe7 34. Rxa8 Qxf2 35. b5 Kf6 36. Ka2 Qe3 37. Ra6 Kg5 38. Rxd6 Kg4 39. Qxe5 Kh3 40. Qh5+ Kg2 41. Qd5 Kxh2 42. b6 h5 43. Qxh5+ Kxg3 44. Qxf7 Nf4 45. Qb3 1-0

[Event "Nezhmetdinov Memorial 34th"]
[Site "Kazan"]
[Date "2012.09.29"]
[Round "4.22"]
[White "Zlachevskiy, Leonid"]
[Black "Ayupov, Damir"]
[Result "1-0"]
[WhiteElo "2124"]
[BlackElo "2362"]
[PlyCount "89"]
[EventDate "2012.09.25"]
[EventType "swiss"]
[EventRounds "9"]
[EventCountry "RUS"]
[SourceTitle "EXT 2022"]
[Source "ChessBase"]
[SourceDate "2021.10.06"]
[SourceVersion "1"]
[SourceVersionDate "2021.10.06"]
[SourceQuality "1"]

1. e4 c5 2. Nc3 d6 3. Nge2 Nf6 4. d4 cxd4 5. Nxd4 a6 6. Bc4 e6 7. Bb3 b5 8. Bg5 Be7 9. 0-0 0-0 10. f4 Qb6 11. Kh1 b4 12. Nce2 Nbd7 13. Ng3 Bd8 14. c3 bxc3 15. bxc3 h6 16. Bxf6 Nxf6 17. Rb1 Qc5 18. Qf3 Ra7 19. f5 e5 20. Nde2 Bb7 21. Rfd1 Ba5 22. Bc2 d5 23. exd5 Bxd5 24. Be4 Bxa2 25. Ra1 Bc4 26. Ng1 Rb8 27. Nh5 Nxh5 28. Qxh5 f6 29. Qf3 Kh7 30. Bd5 Rb5 31. Be6 Bxe6 32. fxe6 Qe7 33. c4 Rc5 34. Rd5 Rxd5 35. cxd5 Bb4 36. Qd3+ g6 37. Rxa6 Rxa6 38. Qxa6 f5 39. Nf3 Bd6 40. g3 Kg7 41. Nd2 Kf6 42. Nc4 Bc5 43. Qc8 Bd4 44. h4 Qa7 45. Qf8+ 1-0

[Event "Nezhmetdinov Memorial 32nd"]
[Site "Kazan"]
[Date "2010.06.04"]
[Round "5"]
[White "Zlachevskiy, Leonid"]
[Black "Mikheev, Stanislav Valerievi"]
[Result "1/2-1/2"]
[WhiteElo "2111"]
[BlackElo "2310"]
[PlyCount "62"]
[EventDate "2010.05.31"]
[EventType "swiss"]
[EventRounds "9"]
[EventCountry "RUS"]
[SourceTitle "CBM 136 Extra"]
[Source "ChessBase"]
[SourceDate "2010.07.02"]
[SourceVersion "2"]
[SourceVersionDate "2010.07.15"]
[SourceQuality "1"]

1. e4 c5 2. Nc3 Nc6 3. Nge2 d6 4. d4 cxd4 5. Nxd4 Nf6 6. Bc4 Qb6 7. Nb3 e6 8. 0-0 Be7 9. Be3 Qc7 10. f4 a6 11. a4 b6 12. Kh1 Bb7 13. Be2 0-0 14. Bf3 Rab8 15. Qe2 Rfe8 16. g4 d5 17. Qg2 dxe4 18. Nxe4 Nd5 19. Rae1 Nxe3 20. Rxe3 Qxf4 21. Qg1 Ne5 22. Bg2 Qxg4 23. Rg3 Qxe4 24. Bxe4 Bxe4+ 25. Rg2 Rec8 26. c3 Ng6 27. Qf2 f5 28. Nd2 Bxg2+ 29. Qxg2 Rd8 30. Qe2 Kf7 31. Nf3 Bf6 1/2-1/2